NFL First-Round Receivers (2010-2022) - Statistics

General Stats
  • This quiz has been taken 532 times
    330 since last reset
  • The average score is 29 of 54
Answer Stats
Year/Pick School Team Answer % Correct
2021 / 10 Alabama PHI DeVonta Smith
90%
2020 / 22 LSU MIN Justin Jefferson
90%
2021 / 5 LSU CIN Ja'Marr Chase
89%
2022 / 12 Alabama DET Jameson Williams
86%
2017 / 7 Clemson LAC Mike Williams
85%
2020 / 17 Oklahoma DAL Ceedee Lamb
82%
2021 / 6 Alabama MIA Jaylen Waddle
82%
2019 / 25 Oklahoma BAL Marquise Brown
82%
2022 / 10 Ohio St. NYJ Garrett Wilson
81%
2022 / 11 Ohio St. NO Chris Olave
79%
2023 / 22 Boston College BAL Zay Flowers
76%
2023 / 23 Southern Cal MIN Jordan Addison
75%
2011 / 6 Alabama ATL Julio Jones
75%
2020 / 12 Alabama LV Henry Ruggs III
73%
2020 / 15 Alabama DEN Jerry Jeudy
73%
2020 / 25 Arizona St. SF Brandon Aiyuk
72%
2022 / 8 Southern Cal ATL Drake London
72%
2023 / 20 Ohio St. SEA Jaxon Smith-Njigba
72%
2011 / 4 Georgia CIN AJ Green
68%
2023 / 21 TCU LAC Quentin Johnston
66%
2018 / 24 Maryland CAR DJ Moore
65%
2010 / 22 Georgia Tech DEN Demaryius Thomas
64%
2021 / 27 Minnesota BAL Rashod Bateman
64%
2013 / 27 Clemson HOU DeAndre Hopkins
63%
2014 / 12 LSU NYG Odell Beckham
63%
2018 / 26 Alabama ATL Calvin Ridley
61%
2020 / 21 TCU PHI Jalen Reagor
61%
2021 / 20 Florida NYG Kadarius Toney
61%
2022 / 18 Arkansas TEN Treylon Burks
59%
2022 / 16 Penn St. WAS Jahan Dotson
58%
2014 / 7 Texas A&M TB Mike Evans
56%
2015 / 4 Alabama OAK Amari Cooper
52%
2010 / 24 Oklahoma St. DAL Dez Bryant
52%
2019 / 32 Arizona St. NE N'Keal Harry
48%
2017 / 5 Western Michigan TEN Corey Davis
47%
2014 / 4 Clemson BUF Sammy Watkins
45%
2017 / 9 Washington CIN John Ross
44%
2014 / 20 Oregon St. NO Brandin Cooks
33%
2015 / 7 West Virginia CHI Kevin White
33%
2015 / 14 Louisville MIA DeVante Parker
32%
2013 / 8 West Virginia STL Tavon Austin
31%
2012 / 5 Oklahoma St. JAX Justin Blackmon
28%
2016 / 21 Notre Dame HOU Will Fuller
28%
2016 / 15 Baylor CLE Corey Coleman
23%
2016 / 23 Ole Miss MIN Laquon Treadwell
23%
2015 / 20 Southern Cal PHI Nelson Agholor
22%
2012 / 13 Notre Dame ARI Michael Floyd
16%
2016 / 22 TCU WAS Josh Doctson
15%
2013 / 29 Tennessee MIN Cordarrelle Patterson
12%
2012 / 20 Baylor TEN Kendall Wright
10%
2015 / 29 Miami (FL) IND Phillip Dorsett
9%
2015 / 26 Central Florida BAL Breshad Perriman
8%
2011 / 26 Pittsburgh KC Jonathan Baldwin
5%
2012 / 30 Illinois SF AJ Jenkins
4%
No matching quizzes found
Score Distribution
Percent of People with Each Score
Percentile by Number Answered
Your Score History
You have not taken this quiz since the last reset